All Countries by Westernmost point on land - Statistics

General Stats
  • This quiz has been taken 2,319 times
    518 since last reset
  • The average score is 101 of 196
Answers on the Map
Answers color-coded by a green-red scale on the quiz's map according to % correct below.
 
Answer Stats
Answer % Correct
United States
100%
Kiribati
94%
Canada
76%
Mexico
73%
Chile
71%
Costa Rica
71%
Ecuador
71%
El Salvador
71%
Guatemala
71%
Honduras
71%
Nicaragua
71%
Panama
71%
Peru
71%
United Kingdom
71%
Belize
70%
Colombia
70%
Argentina
69%
Bahamas
69%
Brazil
69%
Cuba
69%
Haiti
69%
Jamaica
69%
Venezuela
69%
Dominican Republic
68%
Tonga
68%
Bolivia
67%
Samoa
67%
Denmark
66%
Netherlands
65%
Paraguay
65%
Antigua and Barbuda
63%
France
63%
Guyana
63%
Cape Verde
62%
Iceland
62%
Saint Kitts and Nevis
62%
Senegal
62%
Spain
62%
Suriname
62%
Uruguay
62%
Algeria
61%
Belgium
61%
Benin
61%
Burkina Faso
61%
Cote d'Ivoire
61%
Gambia
61%
Ghana
61%
Guinea
61%
Guinea-Bissau
61%
Ireland
61%
Liberia
61%
Mali
61%
Mauritania
61%
Morocco
61%
Niger
61%
Nigeria
61%
Norway
61%
Portugal
61%
Sierra Leone
61%
Togo
61%
Andorra
60%
Saint Vincent and the Grenadines
60%
Trinidad and Tobago
60%
Barbados
59%
Grenada
59%
Saint Lucia
59%
Dominica
58%
Germany
57%
Italy
57%
Switzerland
57%
Tunisia
57%
Angola
56%
Austria
56%
Cameroon
56%
Democratic Republic of the Congo
56%
Equatorial Guinea
56%
Gabon
56%
Libya
56%
Luxembourg
56%
Namibia
56%
Republic of the Congo
56%
Sao Tome and Principe
56%
Sweden
56%
Liechtenstein
55%
Central African Republic
54%
Chad
54%
Czech Republic
54%
Monaco
54%
Poland
54%
South Africa
54%
Croatia
53%
Slovenia
53%
Albania
52%
Bosnia and Herzegovina
52%
Botswana
52%
Greece
52%
Hungary
52%
Kosovo
52%
Malta
52%
North Macedonia
52%
Romania
52%
San Marino
52%
Serbia
52%
Slovakia
52%
Vatican City
52%
Belarus
51%
Bulgaria
51%
Finland
51%
Lithuania
51%
Montenegro
51%
Russia
51%
Estonia
50%
Latvia
50%
Ukraine
50%
Zambia
50%
Egypt
49%
Sudan
49%
Zimbabwe
49%
South Sudan
48%
Turkey
48%
Moldova
47%
Burundi
46%
Cyprus
46%
Lesotho
46%
Mozambique
46%
Rwanda
46%
Saudi Arabia
46%
Tanzania
46%
Eswatini
45%
Ethiopia
45%
Jordan
45%
Kenya
45%
Lebanon
45%
Malawi
45%
Syria
45%
Uganda
45%
Eritrea
44%
Israel
44%
Iraq
43%
Somalia
43%
Djibouti
42%
Armenia
41%
Comoros
41%
Georgia
41%
Iran
41%
Kuwait
41%
Madagascar
41%
Seychelles
41%
Turkmenistan
41%
Uzbekistan
41%
Yemen
41%
Azerbaijan
40%
Bahrain
40%
Kazakhstan
40%
Mauritius
40%
Oman
40%
Pakistan
40%
Qatar
40%
United Arab Emirates
40%
Afghanistan
39%
India
39%
Tajikistan
39%
Kyrgyzstan
37%
China
36%
Maldives
35%
Bangladesh
34%
Bhutan
34%
Federated States of Micronesia
34%
Fiji
34%
Japan
34%
Mongolia
34%
Nepal
34%
New Zealand
34%
Papua New Guinea
34%
Solomon Islands
34%
Sri Lanka
34%
Tuvalu
34%
Vanuatu
34%
Brunei
33%
East Timor
33%
Nauru
33%
Palau
33%
Australia
32%
Cambodia
32%
Indonesia
32%
Laos
32%
Malaysia
32%
Marshall Islands
32%
Myanmar
32%
Philippines
32%
Singapore
32%
Thailand
32%
Vietnam
32%
North Korea
31%
South Korea
31%
Taiwan
31%
No matching quizzes found
Score Distribution
Percent of People with Each Score
Percentile by Number Answered
Your Score History
You have not taken this quiz since the last reset